| 000 | 00668nam a2200217 i 4500 | ||
|---|---|---|---|
| 001 | 87772 | ||
| 003 | ES-MaACL | ||
| 005 | 20250819055801.0 | ||
| 007 | t| | ||
| 008 | 041223s1931 sp ||||1| spa d | ||
| 100 | 1 |
_aKurella, Alfredo. _969054 |
|
| 245 | 1 | 0 |
_aMussolini desenmascarado _b: las realidades del fascismo / _cAlfredo Kurella ; traducción por Julio Torre. |
| 250 | _a1ª ed. | ||
| 260 |
_aMadrid : _bCenit, _c1931 ( _fArgis) |
||
| 300 |
_a248 p. ; _c19 cm. |
||
| 600 | 1 | 4 |
_aMussolini, Benito, _d1883-1945 _984705 |
| 650 | 7 |
_aFascismo _2embne _9144658 |
|
| 700 | 1 |
_aTorre, Julio. _9110746 |
|
| 852 |
_aES-MaACL _jA-527 |
||
| 999 |
_c87772 _d87772 |
||